Fr. Conceicao Rodrigues College of Engineering

Web Engineering (Record no. 19140)

MARC details
000 -LEADER
fixed length control field 00362nam a2200169Ia 4500
082 ## - DEWEY DECIMAL CLASSIFICATION NUMBER
Classification number 4.65
Item number KAP
100 ## - MAIN ENTRY--PERSONAL NAME
Personal name Kappel/Gerti/ Proll/Bigit
245 ## - TITLE STATEMENT
Title Web Engineering
260 ## - PUBLICATION, DISTRIBUTION, ETC.
Name of publisher, distributor, etc. Wiley India
Place of publication, distribution, etc. Mumbai
Date of publication, distribution, etc. 2003
366 ## - TRADE AVAILABILITY INFORMATION
Publishers's discount category 25
300 ## - PHYSICAL DESCRIPTION
Extent 366
546 ## - LANGUAGE NOTE
Language note ENGLISH
650 ## - SUBJECT ADDED ENTRY--TOPICAL TERM
Topical term or geographic name entry element Web engineeirng
654 ## - SUBJECT ADDED ENTRY--FACETED TOPICAL TERMS
Focus term web engineering
942 ## - ADDED ENTRY ELEMENTS (KOHA)
Koha item type BOOK
Holdings
Withdrawn status Lost status Damaged status Not for loan Collection Home library Current library Date acquired Source of acquisition Cost, normal purchase price Inventory number Total Checkouts Full call number Barcode Date last seen Cost, replacement price Price effective from Koha item type
        CRC Fr. Agnel's C.Rodrigues College of Engineering Fr. Agnel's C.Rodrigues College of Engineering 17/03/2023 Dharma Enterprises 261.75 1467 dt 29/07/2009   4.65 KAP 19876 17/03/2023 349.00   BOOK